[Event "Rheinland Pfalz op 7th"]
[Site "Frankenthal"]
[Date "2015.06.06"]
[Round "3"]
[White "Kuhn, Arno"]
[Black "Gutzen, Werner"]
[Result "0-1"]
[WhiteElo "1691"]
[BlackElo "1929"]
[PlyCount "102"]
[EventDate "2015.06.04"]
[EventType "swiss"]
[EventRounds "7"]
[EventCountry "GER"]
[SourceTitle "EXT 2017"]
[Source "ChessBase"]
[SourceDate "2016.10.25"]
[SourceVersion "1"]
[SourceVersionDate "2016.10.25"]
[SourceQuality "1"]

1. d4 f5 2. Nf3 Nf6 3. c4 e6 4. e3 Be7 5. Bd3 d6 6. Nc3 0-0 7. 0-0 Qe8 8. Qc2 Nbd7 9. e4 fxe4 10. Nxe4 Nxe4 11. Bxe4 Nf6 12. Bd3 Qh5 13. Bf4 Nd5 14. Bg3 Nf4 15. Qd2 Nxd3 16. Qxd3 Bf6 17. Rad1 Bd7 18. b3 a6 19. h3 Bc6 20. d5 exd5 21. cxd5 Bb5 22. Qe4 Bxf1 23. Kxf1 Rae8 24. Qg4 Qxg4 25. hxg4 h6 26. Rc1 Bd8 27. Nd4 Kf7 28. Ne6 Rxe6 29. dxe6+ Kxe6 30. Ke2 c6 31. Kd3 Bc7 32. Re1+ Kd7 33. Bh4 Re8 34. f3 Rxe1 35. Bxe1 Bd8 36. f4 Bf6 37. Bd2 Ke6 38. g5 hxg5 39. fxg5 Be7 40. g4 g6 41. b4 d5 42. a3 Ke5 43. Be3 a5 44. Bd2 axb4 45. axb4 b5 46. Ke2 Ke4 47. Kf2 Kd3 48. Be3 Bxb4 49. Kf3 Bd6 50. Bf4 Bxf4 51. Kxf4 Kd4 0-1

[Event "Liechtenstein Seniors op 07th"]
[Site "Triesen"]
[Date "2007.05.17"]
[Round "7"]
[White "Mani, Martin"]
[Black "Kuhn, Arno"]
[Result "1-0"]
[WhiteElo "1750"]
[BlackElo "1896"]
[PlyCount "81"]
[EventDate "2007.05.11"]
[EventType "swiss"]
[EventRounds "9"]
[EventCountry "LIE"]
[SourceTitle "EXT 2010"]
[Source "ChessBase"]
[SourceDate "2010.11.25"]
[SourceVersion "1"]
[SourceVersionDate "2010.11.25"]
[SourceQuality "1"]

1. c4 e5 2. Nc3 Nf6 3. g3 Nc6 4. Bg2 Be7 5. d3 0-0 6. Nf3 d6 7. 0-0 Bf5 8. Nh4 Be6 9. a3 Nd7 10. Nf3 Rb8 11. b4 f5 12. e3 Bf6 13. e4 Ne7 14. Rb1 c6 15. Ng5 Bf7 16. Nxf7 Rxf7 17. exf5 Nxf5 18. Ne4 Be7 19. b5 Nd4 20. Be3 Rf8 21. Bxd4 exd4 22. Qg4 Nf6 23. Nxf6+ Bxf6 24. bxc6 bxc6 25. Bxc6 Qe7 26. Rbe1 Qc7 27. Be4 g6 28. h4 Kh8 29. Kg2 Qg7 30. Qe2 Rb3 31. Rb1 Rfb8 32. Rxb3 Rxb3 33. Qa2 Rb8 34. Qe2 Qe7 35. Qg4 Be5 36. h5 g5 37. h6 Bf6 38. Qf5 Rf8 39. Rb1 Qf7 40. Rb7 Qg6 41. Rxh7+ 1-0

[Event "Pfalz-ch Seniors 75th"]
[Site "Kaiserslautern"]
[Date "2006.04.09"]
[Round "3"]
[White "Kuhn, Arno"]
[Black "Wild, Heinz Oskar"]
[Result "0-1"]
[WhiteElo "1451"]
[BlackElo "1755"]
[PlyCount "64"]
[EventDate "2006.04.07"]
[EventType "swiss"]
[EventRounds "7"]
[EventCountry "GER"]
[SourceTitle "EXT 2007"]
[Source "ChessBase"]
[SourceDate "2006.11.23"]
[SourceVersion "1"]
[SourceVersionDate "2006.11.23"]
[SourceQuality "1"]

1. d4 d5 2. c4 c6 3. Nf3 Nf6 4. Nc3 e6 5. Bg5 Nbd7 6. e3 Qa5 7. Bd3 dxc4 8. Bxc4 b5 9. Bd3 b4 10. Qa4 Qxa4 11. Nxa4 Nd5 12. 0-0 h6 13. Bh4 Bd6 14. Rfc1 Bb7 15. Rc2 0-0 16. Rac1 f5 17. Nc5 Bxc5 18. dxc5 Rae8 19. Bg3 f4 20. exf4 Nxf4 21. Bc4 Nxc5 22. Bxf4 Rxf4 23. Ne5 Rf6 24. Be2 Ne4 25. f3 Ng5 26. Nxc6 e5 27. Nxb4 e4 28. Rc7 exf3 29. Bc4+ Kh8 30. Rxb7 f2+ 31. Kf1 Ne4 32. Rd1 Nd2+ 0-1

[Event "Nibelungen Seniors op 2nd"]
[Site "Worms"]
[Date "2005.10.03"]
[Round "6"]
[White "Lasschuit, Rene"]
[Black "Kuhn, Arno"]
[Result "1-0"]
[WhiteElo "1700"]
[BlackElo "1403"]
[PlyCount "94"]
[EventDate "2005.09.30"]
[EventType "swiss"]
[EventRounds "7"]
[EventCountry "GER"]
[SourceTitle "EXT 2007"]
[Source "ChessBase"]
[SourceDate "2006.11.23"]
[SourceVersion "1"]
[SourceVersionDate "2006.11.23"]
[SourceQuality "1"]

1. b3 Nf6 2. Bb2 b6 3. f4 Bb7 4. Nf3 e6 5. d3 Be7 6. Qd2 c5 7. Na3 Bc6 8. e4 Bf8 9. 0-0-0 d6 10. Be2 b5 11. Rhg1 Nbd7 12. g4 b4 13. Nc4 d5 14. Nce5 Bb7 15. Nxd7 Qxd7 16. Ne5 Qc7 17. g5 Nd7 18. exd5 Bxd5 19. Bf3 Nxe5 20. Bxd5 Nxd3+ 21. Qxd3 Qxf4+ 22. Kb1 exd5 23. Rge1+ Be7 24. Qb5+ Kf8 25. Rxd5 Re8 26. Rf1 Qb8 27. Qc4 Bd6 28. Rxd6 Re1+ 29. Rxe1 Qxd6 30. Qb5 Qd8 31. Qxc5+ Kg8 32. Qe5 Qf8 33. Rd1 h6 34. h4 hxg5 35. hxg5 Rh7 36. Qe4 Rh3 37. Rh1 Rxh1+ 38. Qxh1 Qd8 39. Qg1 Qd7 40. g6 fxg6 41. Qxg6 Qf7 42. Qxf7+ Kxf7 43. Bd4 a6 44. c4 g5 45. Kc2 Kg6 46. Kd3 Kf5 47. Ke3 g4 1-0

[Event "Nibelungen Seniors op 2nd"]
[Site "Worms"]
[Date "2005.10.02"]
[Round "4"]
[White "Christ, Patrick"]
[Black "Kuhn, Arno"]
[Result "1-0"]
[WhiteElo "1710"]
[BlackElo "1403"]
[PlyCount "81"]
[EventDate "2005.09.30"]
[EventType "swiss"]
[EventRounds "7"]
[EventCountry "GER"]
[SourceTitle "EXT 2007"]
[Source "ChessBase"]
[SourceDate "2006.11.23"]
[SourceVersion "1"]
[SourceVersionDate "2006.11.23"]
[SourceQuality "1"]

1. d4 d5 2. c4 e6 3. Nf3 c6 4. e3 Nd7 5. Nc3 Ngf6 6. cxd5 exd5 7. Bd3 Bd6 8. Qc2 h6 9. Bd2 Qe7 10. Rc1 0-0 11. 0-0 Re8 12. a3 Nf8 13. Rfe1 Bg4 14. Kh1 Rac8 15. b4 Qc7 16. h3 Bh5 17. Qb1 Bg6 18. Bxg6 Nxg6 19. a4 Qe7 20. b5 c5 21. dxc5 Bxc5 22. Ne2 Ne4 23. Kg1 Ne5 24. Ned4 Bxd4 25. exd4 Nxf3+ 26. gxf3 Qd7 27. Rxc8 Qxc8 28. fxe4 Qxh3 29. Re3 Qh5 30. exd5 Rxe3 31. fxe3 Qg4+ 32. Kf2 Qh4+ 33. Ke2 Qg4+ 34. Kd3 h5 35. Qh1 h4 36. Be1 h3 37. d6 Qg2 38. Qxg2 hxg2 39. Bf2 Kf8 40. e4 Ke8 41. e5 1-0

[Event "Kurpfalz Seniors op 11th"]
[Site "Ludwigshafen"]
[Date "2005.09.24"]
[Round "7"]
[White "Kuhn, Arno"]
[Black "Schmitz, Bernd"]
[Result "1-0"]
[WhiteElo "1426"]
[BlackElo "1593"]
[PlyCount "89"]
[EventDate "2005.09.18"]
[EventType "swiss"]
[EventRounds "7"]
[EventCountry "GER"]
[SourceTitle "EXT 2007"]
[Source "ChessBase"]
[SourceDate "2006.11.23"]
[SourceVersion "1"]
[SourceVersionDate "2006.11.23"]
[SourceQuality "1"]

1. d4 d5 2. c4 e6 3. Nf3 g6 4. Nc3 c6 5. a4 Bg7 6. Bf4 Nd7 7. e3 h6 8. h3 b6 9. cxd5 exd5 10. Bd3 Ne7 11. 0-0 0-0 12. Qc2 f5 13. b4 Nf6 14. Rac1 Ne4 15. Ne2 g5 16. Be5 Bb7 17. Bxg7 Kxg7 18. Ne5 Rc8 19. f3 Nd6 20. Ng3 Qe8 21. Rfe1 Rc7 22. Qb3 f4 23. exf4 gxf4 24. Nh1 Qh5 25. Ng4 Nef5 26. Re5 Re8 27. Rce1 Rce7 28. Rxe7+ Rxe7 29. Rxe7+ Nxe7 30. Qc2 Nef5 31. Qe2 Bc8 32. Qe5+ Kg6 33. Qf6+ Kh7 34. Qd8 Kg7 35. Qf6+ Kg8 36. Qd8+ Kg7 37. Qf6+ Kg8 38. Bxf5 Nxf5 39. Qd8+ Kg7 40. Qxc8 Nxd4 41. Qc7+ Kf8 42. Qe5 Qxe5 43. Nxe5 c5 44. bxc5 bxc5 45. Nd7+ 1-0

[Event "Wuerttemberg-ch Seniors 15th"]
[Site "Ellwangen"]
[Date "2003.04.13"]
[Round "3"]
[White "Kuhn, Arno"]
[Black "Foehl, Frithjof"]
[Result "0-1"]
[WhiteElo "1497"]
[BlackElo "1870"]
[PlyCount "68"]
[EventDate "2003.04.??"]
[EventType "swiss"]
[EventRounds "9"]
[EventCountry "GER"]
[SourceTitle "EXT 2006"]
[Source "ChessBase"]
[SourceDate "2005.11.24"]
[SourceVersion "1"]
[SourceVersionDate "2005.11.24"]
[SourceQuality "1"]

1. d4 d5 2. Nf3 c5 3. e3 Bg4 4. Be2 Nc6 5. Nc3 e6 6. 0-0 Nf6 7. h3 Bh5 8. Ne5 Bxe2 9. Qxe2 Nxe5 10. dxe5 Nd7 11. f4 Be7 12. Bd2 0-0 13. Qh5 g6 14. Qf3 Qc7 15. Kh1 a6 16. g4 b5 17. Be1 Rab8 18. h4 b4 19. Ne2 f6 20. Qg3 Rf7 21. c3 a5 22. Bd2 Rg7 23. cxb4 axb4 24. a3 fxe5 25. fxe5 Qxe5 26. axb4 cxb4 27. g5 Qxb2 28. Qc7 Qxd2 29. Qxd7 Qxe3 30. Qc7 Qe4+ 31. Kg1 Qe3+ 32. Rf2 Rf8 33. Nf4 Bc5 34. Qxg7+ Kxg7 0-1

[Event "Bad Woerishofen Seniors op 19th"]
[Site "Bad Woerishofen"]
[Date "2003.03.16"]
[Round "4"]
[White "Kuhn, Arno"]
[Black "Schoeffler, Herta"]
[Result "1/2-1/2"]
[WhiteElo "1532"]
[BlackElo "1348"]
[PlyCount "108"]
[EventDate "2003.03.13"]
[EventType "swiss"]
[EventRounds "9"]
[EventCountry "GER"]
[SourceTitle "EXT 2004"]
[Source "ChessBase"]
[SourceDate "2003.11.25"]
[SourceVersion "1"]
[SourceVersionDate "2003.11.25"]
[SourceQuality "1"]

1. d4 d5 2. c4 e6 3. Nc3 Nf6 4. Nf3 Bb4 5. Bg5 Bxc3+ 6. bxc3 0-0 7. e3 c6 8. Bd3 Nbd7 9. c5 Qa5 10. Qc2 h6 11. Bh4 Ne4 12. Rc1 b6 13. Nd2 bxc5 14. Nb3 Qa4 15. Bxe4 dxe4 16. 0-0 c4 17. Nd2 Qxc2 18. Rxc2 g5 19. Bg3 f5 20. Bd6 Rf6 21. Rb1 Nb6 22. Be5 Rf7 23. Rcb2 Rb7 24. a4 Nxa4 25. Rxb7 Bxb7 26. Rxb7 Nxc3 27. Nxc4 a5 28. Na3 a4 29. d5 exd5 30. Bxc3 c5 31. Rb5 Rc8 32. Ra5 d4 33. exd4 cxd4 34. Be1 d3 35. Rd5 Rc1 36. Kf1 f4 37. Rd4 Rd1 38. Nc4 f3 39. gxf3 exf3 40. Nb2 Ra1 41. Rxd3 a3 42. Nc4 a2 43. Ra3 Kg7 44. Nd2 g4 45. Nb3 Rb1 46. Rxa2 Rxb3 47. Rb2 Rd3 48. Rd2 Rb3 49. Rd1 Kg6 50. Ba5 Kh5 51. Bd8 Rb4 52. Rd5+ Kg6 53. Rd6+ Kh5 54. Rd5+ Kg6 1/2-1/2

[Event "Bad Woerishofen Seniors op 19th"]
[Site "Bad Woerishofen"]
[Date "2003.03.14"]
[Round "2"]
[White "Taschner, Peter"]
[Black "Kuhn, Arno"]
[Result "1-0"]
[WhiteElo "2008"]
[BlackElo "1532"]
[PlyCount "75"]
[EventDate "2003.03.13"]
[EventType "swiss"]
[EventRounds "9"]
[EventCountry "GER"]
[SourceTitle "EXT 2004"]
[Source "ChessBase"]
[SourceDate "2003.11.25"]
[SourceVersion "1"]
[SourceVersionDate "2003.11.25"]
[SourceQuality "1"]

1. e4 c5 2. Nf3 Nc6 3. Bb5 Nf6 4. e5 Nd5 5. Nc3 e6 6. 0-0 Be7 7. Re1 0-0 8. Nxd5 exd5 9. c3 Bg5 10. d4 Bxc1 11. Rxc1 c4 12. Bxc6 dxc6 13. b3 b5 14. Qc2 h6 15. Re3 Bg4 16. Ne1 Qd7 17. f3 Bf5 18. Qf2 Qe7 19. g3 Qg5 20. Ng2 Rfe8 21. Nf4 h5 22. h4 Qh6 23. Rce1 Be6 24. Qh2 g6 25. Nxe6 Rxe6 26. f4 Kh7 27. Qf2 Rf8 28. Rf3 f5 29. exf6 Rxe1+ 30. Qxe1 Rxf6 31. Re3 Qg7 32. Re5 Rf7 33. Qb1 Qf6 34. Rxh5+ Kg7 35. Rg5 Kh6 36. h5 gxh5 37. Qd1 Kh7 38. Qxh5+ 1-0

[Event "Wch Seniors 12th"]
[Site "Naumburg"]
[Date "2002.11.02"]
[Round "11"]
[White "Kuhn, Arno"]
[Black "Karol, Wolfgang"]
[Result "1/2-1/2"]
[WhiteElo "1532"]
[BlackElo "1630"]
[PlyCount "25"]
[EventDate "2002.10.21"]
[EventType "swiss"]
[EventRounds "11"]
[EventCountry "GER"]
[SourceTitle "EXT 2006"]
[Source "ChessBase"]
[SourceDate "2005.11.24"]
[SourceVersion "1"]
[SourceVersionDate "2005.11.24"]
[SourceQuality "1"]

1. d4 Nf6 2. Nf3 e6 3. Bg5 Be7 4. g3 d6 5. Bg2 Nbd7 6. 0-0 0-0 7. c4 h6 8. Bc1 Nb6 9. b3 Re8 10. Bb2 d5 11. cxd5 exd5 12. Qd3 Ne4 13. Ne5 1/2-1/2

[Event "Wch Seniors 12th"]
[Site "Naumburg"]
[Date "2002.10.23"]
[Round "3"]
[White "Kuhn, Arno"]
[Black "Fries, Karl Heinz"]
[Result "0-1"]
[WhiteElo "1532"]
[BlackElo "1727"]
[PlyCount "94"]
[EventDate "2002.10.21"]
[EventType "swiss"]
[EventRounds "11"]
[EventCountry "GER"]
[SourceTitle "EXT 2006"]
[Source "ChessBase"]
[SourceDate "2005.11.24"]
[SourceVersion "1"]
[SourceVersionDate "2005.11.24"]
[SourceQuality "1"]

1. d4 d5 2. Nf3 e6 3. c4 c6 4. e3 Nd7 5. Bd3 f5 6. 0-0 Bd6 7. Nc3 Ndf6 8. Ne5 Nh6 9. f3 Qc7 10. f4 0-0 11. Bd2 Ne4 12. Be1 Be7 13. Qh5 Nf6 14. Qe2 Bd7 15. Rc1 Be8 16. cxd5 Bh5 17. Qd2 exd5 18. Qc2 Qc8 19. Bh4 Qd8 20. h3 Ne4 21. Be1 Kh8 22. Be2 Be8 23. Kh1 Bh4 24. Nxe4 fxe4 25. Bg4 Nxg4 26. Nxg4 Be7 27. Bg3 Bd7 28. Ne5 Bf5 29. Qe2 Qe8 30. Rc2 Rf6 31. Bh4 Rh6 32. Bxe7 Qxe7 33. Ng4 Rh4 34. Kg1 Bxg4 35. hxg4 Qd7 36. f5 Qd6 37. Rf4 Qh6 38. g5 Rh1+ 39. Kf2 Qxg5 40. Qg4 Qxg4 41. Rxg4 Rf8 42. Kg3 Rxf5 43. Rf4 Rf1 44. Rcf2 Rxf2 45. Rxf2 Rxf2 46. Kxf2 g5 47. g4 Kg7 0-1

[Event "Wch Seniors 12th"]
[Site "Naumburg"]
[Date "2002.10.21"]
[Round "1"]
[White "Kuhn, Arno"]
[Black "Hamm, Georg"]
[Result "0-1"]
[WhiteElo "1532"]
[BlackElo "2078"]
[PlyCount "78"]
[EventDate "2002.10.21"]
[EventType "swiss"]
[EventRounds "11"]
[EventCountry "GER"]
[SourceTitle "EXT 2006"]
[Source "ChessBase"]
[SourceDate "2005.11.24"]
[SourceVersion "1"]
[SourceVersionDate "2005.11.24"]
[SourceQuality "1"]

1. d4 Nf6 2. Nf3 g6 3. g3 Bg7 4. c4 c5 5. e3 0-0 6. Bg2 Qc7 7. Qa4 d5 8. Ne5 Nbd7 9. f4 cxd4 10. exd4 Nb6 11. Qa5 dxc4 12. Qc5 Qd8 13. Nc3 Nfd7 14. Qb4 Nxe5 15. dxe5 f6 16. Bd2 fxe5 17. 0-0-0 Bg4 18. Rde1 exf4 19. Bxf4 e5 20. Be3 Kh8 21. h3 Bf3 22. Rhg1 h6 23. h4 Nd5 24. Nxd5 Qxd5 25. Bxf3 Rxf3 26. Rd1 Qe6 27. Qd2 Kh7 28. h5 Qg4 29. hxg6+ Qxg6 30. g4 Raf8 31. g5 h5 32. Rh1 e4 33. Rde1 c3 34. Qh2 cxb2+ 35. Kb1 a5 36. Qxh5+ Qxh5 37. Rxh5+ Kg6 38. Rh4 Rxe3 39. Rxe3 Rf1+ 0-1

[Event "Bad Woerishofen Seniors op 18th"]
[Site "Bad Woerishofen"]
[Date "2002.03.11"]
[Round "5"]
[White "Alefs, Heinz"]
[Black "Kuhn, Arno"]
[Result "0-1"]
[WhiteElo "1667"]
[BlackElo "1532"]
[PlyCount "66"]
[EventDate "2002.03.??"]
[EventType "swiss"]
[EventRounds "9"]
[EventCountry "GER"]
[SourceTitle "EXT 2006"]
[Source "ChessBase"]
[SourceDate "2005.11.24"]
[SourceVersion "1"]
[SourceVersionDate "2005.11.24"]
[SourceQuality "1"]

1. d4 d5 2. c4 e6 3. Nf3 Nf6 4. Bg5 Be7 5. e3 Nbd7 6. Nc3 c6 7. a3 0-0 8. Bd3 dxc4 9. Bxc4 Nd5 10. Bxe7 Qxe7 11. 0-0 f5 12. Rc1 Qf6 13. Ne2 b6 14. b4 Bb7 15. Qb3 Kh8 16. Bd3 e5 17. dxe5 Nxe5 18. Nxe5 Qxe5 19. Nd4 Rf6 20. Nf3 Qe8 21. Qc4 a5 22. Nd4 Qg6 23. Rfe1 axb4 24. axb4 c5 25. Nxf5 Nxb4 26. Nh4 Qxd3 27. Qg4 Qe4 28. Qxe4 Bxe4 29. Rc3 g5 30. Rc4 Bd5 31. Nf3 Bxf3 32. gxf3 Rxf3 33. Rd1 Rd8 0-1